Nauka o krajině I. /

Hlavní autor: Salašová, Alena, 1962-
Korporativní autor: Mendelova univerzita
Jazyk: Čeština
Vydáno: Brno : Mendelova univerzita v Brně, 2014
Vydání: Vyd. 1.
Témata:
Fyzický popis: 175 s. : il. (převážně barev.), mapy ; 26 cm
Knihy
Uloženo v:
LEADER 02057nam a2200577 a 4500
001 nkc20152685353
003 CZ PrNK
005 20150421152914.0
007 ta
008 150320s2014 xr ab e p 000 0 cze
015 |a cnb002685353 
020 |a 978-80-7509-185-7  |q (váz.) 
035 |a (OCoLC)908822137 
040 |a OLA001  |b cze 
043 |a e-xr--- 
072 7 |a 502  |x Životní prostředí a jeho ochrana  |2 Konspekt  |9 2 
072 7 |a 37.016  |x Učební osnovy. Vyučovací předměty. Učebnice  |2 Konspekt  |9 22 
080 |a 502.5  |2 MRF 
080 |a 55  |2 MRF 
080 |a 551.4  |2 MRF 
080 |a 574.9  |2 MRF 
080 |a (437.3)  |2 MRF 
080 |a (075.8)  |2 MRF 
100 1 |a Salašová, Alena,  |d 1962-  |7 uzp2007395280  |4 aut  |4 edt 
245 1 0 |a Nauka o krajině I. /  |c Alena Salašová a kol. 
250 |a Vyd. 1. 
260 |a Brno :  |b Mendelova univerzita v Brně,  |c 2014 
300 |a 175 s. :  |b il. (převážně barev.), mapy ;  |c 26 cm 
500 |a 200 výt. 
504 |a Obsahuje bibliografie a bibliografické odkazy 
650 0 7 |a krajina  |7 ph115006  |2 czenas 
650 0 7 |a krajina  |7 ph115006  |z Česko  |2 czenas 
650 0 7 |a geologie  |7 ph114622  |2 czenas 
650 0 7 |a geologie  |7 ph114622  |z Česko  |2 czenas 
650 0 7 |a geomorfologie  |7 ph114625  |z Česko  |2 czenas 
650 0 7 |a biogeografie  |7 ph114154  |z Česko  |2 czenas 
650 0 9 |a landscape  |2 eczenas 
650 0 9 |a landscape  |z Czechia  |2 eczenas 
650 0 9 |a geology  |2 eczenas 
650 0 9 |a geology  |z Czechia  |2 eczenas 
650 0 9 |a geomorphology  |z Czechia  |2 eczenas 
650 0 9 |a biogeography  |z Czechia  |2 eczenas 
655 7 |a učebnice vysokých škol  |7 fd133772  |2 czenas 
655 9 |a textbooks (higher)  |2 eczenas 
710 2 |a Mendelova univerzita  |7 ko2010541433 
910 2 |a BOA001  |b 3-1345.173 
990 |a BK 
995 |a 01 
991 |b 201504  |c NOV  |e n 
996 6 |b 2610627949  |c 3-1345.173  |l MZK  |r Sklad / do 1 hodiny  |n 6  |p p.v.  |w 001498415  |u 000010  |a 1  |e BOA001  |j MZK50  |s P 
996 7 |b 2610627950  |c 3-1345.173  |l Vol.výběr  |r VV 1p  |n 20  |p p.v.  |h 911 SAL  |w 001498415  |u 000020  |a 0  |e BOA001  |j MZK50  |s A